Представление документа в формате RUSMARC

ПолеНазваниеЗначение
  Тип записи a
  Библиографический уровень m
001 Контрольный номер RU/УОНБ/EK/674669632
005 Дата корректировки 20251118135158.5
010 Индекс ISBN __
d Цена 2 р. 70 к.
9 Тираж 300 экз.
100 Данные общей обработки __
a Данные общей обработки 20210518d1990 u u0rusy0189||||ca
101 Язык документа 0_
a Язык текста rus
102 Страна публикации __
a Страна публикации RU
105 Кодированные данные (монография) __
a Кодированные данные (монография) a z 001yy
200 Заглавие и сведения об ответственности 1_
a Заглавие Износостойкие спеченные материалы и покрытия
f Первые сведения об ответственности отв. ред. А. Пярнапуу, Д. Аренсбургер
210 Выходные данные __
d Дата издания 1990
215 Физическое описание __
a Объем 100 с.
c Иллюстрации/тип воспроизводства ил.
225 Серия __
a Серия ...
v Обозначение тома 712
300 Общие примечания __
a Общие примечания Рез. ст. эст., англ., нем.
300 Общие примечания __
a Общие примечания На обл. только загл. тома
320 Библиография __
a Библиография Библиогр. в конце ст.
461 Уровень набора _0
1 001RU/УОНБ/EK/674668333
1 2001
a Порошковая металлургия
e сб. статей
v 9
1 2101
a Таллин
c Изд-во ТПИ
d 1976 -
1 2251
a Труды Таллинского политехнического института
v ...
606 Тематические рубрики 0_
a Основная рубрика Порошковая металлургия
j Формальный подзаголовок Сборники
610 Ключевые слова 0_
a Ключевые слова порошковая металлургия
610 Ключевые слова 0_
a Ключевые слова металлургия порошковая
675 Индекс УДК __
a Индекс УДК 6П3.3
686 Индексы других классификаций __
a Классификационный индекс 34.39
2 Код системы rubbk
702 Вторичная интеллектуальная ответственность _1
a Фамилия Пярнапуу
b Имя (инициалы) А.
4 Код отношения 340
702 Вторичная интеллектуальная ответственность _1
a Фамилия Аренсбургер
b Имя (инициалы) Д.
4 Код отношения 340
801 Источник записи _0
a Страна RU
b Организация Ульяновская ОНБ
c Дата составления 20210518
g Правила каталогизации RCR
801 Источник записи _1
a Страна RU
b Организация Ульяновская ОНБ
c Дата составления 20210518
g Правила каталогизации RCR
901 Тип документа __
t Тип документа n
w Контрольный № источника RU/УОНБ/EK/674668333
909 Создатель записи __
a Создатель записи Горбункова
938 Служебная информация __
a Имя БД retro
b Имя библиотеки УОНБ
c Имя АИБС МАРК-SQL
d Номер DOC_ID в БД 367246